Stocahstic storage processes : queues, insurance risk, dams, and data communication

Saved in:
Bibliographic Details
Main Author: Prabhu, Narahari Umanath 1924-
Format: Book
Language:English
Published: New York : Springer, c1998
Series:Applications of mathematics ; ; 15
Subjects:
Tags: Add Tag
No Tags, Be the first to tag this record!

MARC

LEADER 00000nam a2200000 i 4500
001 1/1820
008 000419s1998 eng d
020 |a 0387982485 
035 |l 10060167 
040 |a GR-MY-UA  |b gre  |e aacr 
041 0 |a eng 
082 0 |a 519.82 
100 1 |a Prabhu, Narahari Umanath  |d 1924- 
245 1 0 |a Stocahstic storage processes :  |b queues, insurance risk, dams, and data communication /  |c N.U. Prabhu 
260 |a New York :   |b Springer,   |c c1998 
300 |a xvi, 206 p.;  |b ill.;  |c 24 cm. 
490 1 |a Applications of mathematics  |v ; 15 
504 |a Includes index 
650 0 0 |a Queuing theory. 
650 0 0 |a Stochastic processes. 
830 0 |a Applications of mathematics ;  |v ; 15 
852 |a INST  |b SAMOS  |e 20000419  |h 519.82 PRA  |p 005300017155  |q 005300017155  |t BK  |y 0 
901 |a BIBL3-2000-1 
909 |a Σ  |b 067198 
922 |a 3ΕΛΗ  |b 199909  |c ΕΠΕΑΕΚ/ΜΑΘ  |d ΠΑΠΑΣΩΤΗΡΙΟΥ 
970 |a ΠΟΥΡΝΑΡΑΣ  |b ΔΗΜΗΤΡΗΣ  |z 2000/04/19